00498 a2200181 450000100060000002000150000604000240002110000190004524000350006424500300009930000070012936200090013644000120014565000310015794200070018895201040019599900170029969635 a8508098200 cAnchieta - Itaigara aRedmond, Diane10aDora Drama quer ser atrizlpor10aDora Drama quer ser atriz a470 a2005 1aÁtica 4aLiteratura infanto-juvenil cBK 00104070a88.1b88.1d2023-11-21l0o028.5 RED DORp2163/ITAr2023-11-21 20:04:16w2023-11-21yBK c69635d69635